• 首页
  • 本馆介绍
  • 公告通知
  • 最新文献
  • 馆藏检索
  • 电子资源
  • 读者导购
  • 参考咨询
  • 我的图书馆
  • 登录
  • 详细信息显示
  • 放入我的书架
  • 预约/预借图书
  • 作者相关作品
  • 分类相关作品
  • 丛书相关作品
  • 出版社相关作品

书目信息

  • 表格格式
  • 工作单格式
  • 卡片格式
题名:
德国文化漫游
    
 
作者: 鲁成文 著
分册:  
出版信息: 北京   科学技术文献出版社  2019
页数: 273页
开本: 24cm
丛书名:
单 册:
中图分类: K516.03 , K516
科图分类:
主题词: 文化史--德国--通俗读物
电子资源:
ISBN: 978-7-5189-5917-4
000 00846nam0 2200241 450
001 2372032122
005 20230924200053.61
010    @a978-7-5189-5917-4@dCNY59.00
100    @a20191219d2019 em y0chiy50 ea
101 0  @achi
102    @aCN@b110000
105    @aa z 000yy
200 1  @a德国文化漫游@Ade guo wen hua man you@f鲁成文著
210    @a北京@c科学技术文献出版社@d2019
215    @a273页@c图@d24cm
300    @a遇见德国
330    @a本书以雷根斯堡、拜罗伊特、纽伦堡、哈雷、奎德林堡、韦尼格罗德、魏玛、瑙姆堡和柏林等九个城市的自然名胜和历史文化景点为叙事节点,既交代了游历这些景点的部分旅游攻略,又呈现了与这些景点有关的背景材料和历史文化知识。
606 0  @a文化史@y德国@j通俗读物
690    @aK516.03@v5
690    @aK516@v4
701  0 @a鲁成文@Alu cheng wen@4著
801  0 @aCN@b安徽时代@c20230923
905    @aBZT@dK516@e6
    
    德国文化漫游/鲁成文著.-北京:科学技术文献出版社,2019
    273页:图;24cm
    遇见德国
    
    ISBN 978-7-5189-5917-4:CNY59.00
    本书以雷根斯堡、拜罗伊特、纽伦堡、哈雷、奎德林堡、韦尼格罗德、魏玛、瑙姆堡和柏林等九个城市的自然名胜和历史文化景点为叙事节点,既交代了游历这些景点的部分旅游攻略,又呈现了与这些景点有关的背景材料和历史文化知识。
●
相关链接 在五车中查询图书 在当当中查询图书 在豆瓣中查询图书


正题名:德国文化漫游     索取号:K516/6         预约/预借

序号 登录号 条形码 馆藏地/架位号 状态 备注
1 2000930143   2000930143   第四书库/四33架B面2层6列/ [索取号:K516/6] 在馆    
2 2000930144   2000930144   第四书库/四33架B面2层6列/ [索取号:K516/6] 在馆    
3 2000930145   2000930145   第四书库/四33架B面2层6列/ [索取号:K516/6] 在馆    
4 2000930146   2000930146   第四书库/四33架B面2层6列/ [索取号:K516/6] 在馆    
5 2000930147   2000930147   第四书库/四33架B面2层6列/ [索取号:K516/6] 在馆    
6 2000930148   2000930148   第四书库/四33架B面2层6列/ [索取号:K516/6] 在馆    
山东省滨州职业学院图书馆 欢迎您!
大连网信软件有限公司© 版权所有